|
|
|
|
| LEADER |
00000nab a2200000 a 4500 |
| 001 |
vtls000538402 |
| 003 |
SK-MaSNL |
| 005 |
20260426102437.0 |
| 008 |
160202c1995 xo 0 slo |
| 015 |
|
|
|a SNBRB19rr/mm-uuuuu
|
| 035 |
|
|
|a CL0538540
|
| 040 |
|
|
|a SNKBUCL
|b slo
|c SNKBUCL
|e AACR2
|
| 041 |
0 |
|
|a slo
|
| 044 |
|
|
|a xo
|c SK
|
| 080 |
|
|
|a 327(437.6:430)
|2 1981
|
| 080 |
|
|
|a 327(430:437.6)
|2 1981
|
| 100 |
1 |
|
|a Tománek, Stanislav
|4 aut
|9 883002
|
| 245 |
1 |
0 |
|a Gerhard Schrőder verí v dobrú perspektívu vzťahov so Slovenskom
|b Z pracovnej návštevy ministerského predsedu Dolného Saska
|c Stanislav Tománek
|
| 300 |
|
|
|b Fotogr. 1
|
| 650 |
0 |
7 |
|a zahraničná politika
|2 snkbucl
|9 971
|
| 651 |
|
7 |
|a Slovensko
|2 snkbucl
|9 14231
|
| 651 |
|
7 |
|a Nemecko
|2 snkbucl
|9 21020
|
| 655 |
|
7 |
|a články z novín a časopisov
|2 snkbucl
|9 267496
|
| 700 |
1 |
|
|a Schrőder, Gerhard
|4 aut
|9 769444
|
| 773 |
0 |
|
|t Slovenská republika
|g Roč. 2, č. 14 (18. 1. 1995), s. 1-2
|
| 850 |
|
|
|a Slovenská národná knižnica v Martine
|a MTA001
|
| 852 |
|
|
|a SNK
|b KIS3GCP
|
| 958 |
|
|
|a RK
|
| 958 |
|
|
|a DE
|
| 958 |
|
|
|a SK
|
| 992 |
|
|
|a RBX
|
| 999 |
|
|
|c 3256313
|d 3258243
|